000 00449nam a2200181Ia 4500
001 7317
005 20260306160446.0
008 260306t2005||||xx |||||||||||||| ||spa||
041 _aESP
082 _a338.5
_bO74
100 _aOrtíz Sarabia, Álvaro A.
_eAUT
245 0 _aManual de ejercicios corregidos de microeconomía
260 _c2005
300 _a394 páginas :
_c21cm.
650 _aGEN
654 _aCAN
942 _cLIB
_dJUS
_fJUS
_2ddc
_n
999 _c7317
_d7317